| 000 | 00561nam a2200193 a 4500 | ||
|---|---|---|---|
| 001 | 2503 | ||
| 003 | CDMR | ||
| 005 | 20260515062531.0 | ||
| 008 | 130130s1973||||||||||||||||||||||||||||d | ||
| 020 | _a8440056796 | ||
| 040 |
_aCDMR _bcat _cCDMR |
||
| 100 | 1 |
_aBenito, Ángel _9631 |
|
| 245 | 1 | 0 |
_aLecciones de teoría general de la información _b: vol. I _cÁngel Benito |
| 260 |
_aMadrid _c1973 _bGraf. Garcia Blanco |
||
| 300 |
_a172 p ; _c27 cm |
||
| 650 | 0 | 4 |
_aComunicació _94289 _xAspectes socials |
| 650 | 0 | 4 |
_aCiències de la informació _9320 |
| 942 |
_cMON _2udc |
||
| 999 |
_c2503 _d2503 |
||